All Track Names in the Lord of the Rings Soundtrack - Statistics

General Stats
  • This quiz has been taken 27 times
  • The average score is 32 of 135
Answer Stats
Hint Answer % Correct
The Fellowship of the Ring The Shire
86%
The Fellowship of the Ring Gollum
64%
The Fellowship of the Ring Khazad-dûm
50%
The Return of the King Days of the Ring/"Into the West"
43%
The Return of the King For Frodo
43%
The Two Towers Long Ways to Go Yet/"Gollum's Song"
43%
The Fellowship of the Ring Moria
43%
The Return of the King Mount Doom
43%
The Fellowship of the Ring Rivendell
43%
The Fellowship of the Ring A Conspiracy Unmasked
36%
The Return of the King Bilbo's Song
36%
The Fellowship of the Ring Caras Galadhon/"Lament for Gandalf"
36%
The Two Towers Edoras
36%
The Two Towers Fangorn
36%
The Fellowship of the Ring Flaming Red Hair
36%
The Fellowship of the Ring May it Be
36%
The Fellowship of the Ring Orthanc
36%
The Fellowship of the Ring Strider
36%
The Return of the King The Battle of the Pelennor Fields
36%
The Return of the King The Eagles
36%
The Return of the King The Lighting of the Beacons
36%
The Fellowship of the Ring The Mirror of Galadriel
36%
The Fellowship of the Ring The Nazgûl
36%
The Fellowship of the Ring The Road Goes Ever On..., Pt. 1
36%
The Fellowship of the Ring The Road Goes Ever On..., Pt. 2/"In Dreams"
36%
The Fellowship of the Ring Very Old Friends
36%
The Fellowship of the Ring Weathertop
36%
The Fellowship of the Ring A Shortcut to Mushrooms
29%
The Fellowship of the Ring Bag End
29%
The Fellowship of the Ring Balin's Tomb
29%
The Two Towers Ent-draught
29%
The Fellowship of the Ring Gilraen's Memorial
29%
The Return of the King Journey to the Cross-roads
29%
The Return of the King Osgiliath Invaded
29%
The Fellowship of the Ring Saruman the White
29%
The Return of the King Shelob's Lair
29%
The Two Towers The Dead Marshes
29%
The Fellowship of the Ring The Departure of Boromir
29%
The Fellowship of the Ring The Doors of Durin
29%
The Return of the King The Fellowship Reunited
29%
The Return of the King The Land of Shadow
29%
The Return of the King The Last Debate/"Asëa Aranion"
29%
The Return of the King The Mouth of Sauron
29%
The Return of the King The Palantir
29%
The Return of the King The Passing of Théoden
29%
The Fellowship of the Ring The Pass of Caradhras
29%
The Return of the King The Pyre of Denethor
29%
The Return of the King The Road to Isengard
29%
The Return of the King The Siege of Gondor
29%
The Return of the King The Stairs of Cirith Ungol
29%
The Two Towers The Three Hunters
29%
The Two Towers Wraiths on Wings
29%
The Return of the King A Coronal of Silver and Gold
21%
The Return of the King A Far Green Country
21%
The Return of the King Andúril - Flame of the West
21%
The Two Towers Aragorn's Return
21%
The Two Towers Arwen's Fate/"The Grace of the Valar"
21%
The Return of the King Dernhelm in Battle
21%
The Two Towers Elven Rope
21%
The Two Towers Exodus from Edoras
21%
The Return of the King Flight from Edoras
21%
The Fellowship of the Ring Give up the Halfling
21%
The Two Towers Glamdring
21%
The Fellowship of the Ring Keep it Secret, Keep it Safe
21%
The Return of the King Marshalling at Dunharrow
21%
The Two Towers One of the Dúnedain / “Evenstar”
21%
The Return of the King Roots and Beginnings
21%
The Return of the King Shieldmaiden of Rohan
21%
The Two Towers Sons of the Steward
21%
The Two Towers The Banishment of Éomer
21%
The Two Towers The Breach of the Deeping Wall
21%
The Fellowship of the Ring The Caverns of Isengard
21%
The Return of the King The Crack of Doom
21%
The Return of the King The Eyes of the White Tower
21%
The Fellowship of the Ring The Fighting Uruk-hai
21%
The Return of the King The Grace of Undómiel
21%
The Fellowship of the Ring The Great Eye
21%
The Return of the King The Green Dragon
21%
The Return of the King The Houses of Healing
21%
The Return of the King The Journey to the Grey Havens
21%
The Two Towers The King's Decision
21%
The Return of the King The Mûmakil
21%
The Two Towers Théoden King / “The Funeral of Théodred”
21%
The Fellowship of the Ring The Passing of the Elves
21%
The Return of the King The Paths of the Dead
21%
The Two Towers The Plains of Rohan
21%
The Return of the King The Sacrifice of Faramir/"The Edge of Night"
21%
The Return of the King The Tower of Cirith Ungol
21%
The Two Towers The Voice of Saruman
21%
The Two Towers The Wolves of Isengard
21%
The Fellowship of the Ring Three is Company
21%
The Two Towers Uglúk’s Warriors
21%
The Return of the King Dwimorberg - The Haunted Mountain
14%
The Return of the King Elanor
14%
The Return of the King Éowyn’s Dream
14%
The Two Towers Gandalf the White
14%
The Return of the King Gollum's Villainy
14%
The Return of the King Grond - The Hammer of the Underworld
14%
The Two Towers Lost in Emyn Muil
14%
The Return of the King Master Meriadoc, Swordthain
14%
The Two Towers Master Peregrin's Plan
14%
The Return of the King Merry's Simple Courage
14%
The Two Towers My Precious
14%
The Two Towers Night Camp
14%
The Fellowship of the Ring Parth Galen
14%
The Fellowship of the Ring Prologue: One Ring to Rule Them All
14%
The Two Towers Refuge at Helm's Deep
14%
The Two Towers Retreat/"Haldir's Lament"
14%
The Return of the King Return to Edoras
14%
The Two Towers Rock and Pool
14%
The Return of the King Shelob the Great
14%
The Two Towers The Battle of the Hornburg
14%
The Fellowship of the Ring The Council of Elrond Assembles/"Aníron"
14%
The Two Towers The Court of Meduseld
14%
The Two Towers The Dreams of Trees
14%
The Two Towers The Entmoot Decides
14%
The Return of the King The Foot of Orthanc
14%
The Two Towers The Host of the Eldar
14%
The Two Towers The Last March of the Ents
14%
The Two Towers The Nazgûl Attack
14%
The Two Towers Théoden Rides Forth
14%
The Return of the King The Parting of Sam and Frodo
14%
The Return of the King The Passing of the Grey Company
14%
The Fellowship of the Ring The Sword That Was Broken
14%
The Two Towers The Tales That Really Matter
14%
The Return of the King The Tomb of the Stewards
14%
The Two Towers War Is Upon Us
14%
The Two Towers Where Is the Horse and the Rider?
14%
The Return of the King Allegiance to Denethor
7%
The Two Towers Faramir's Good Council
7%
The Fellowship of the Ring Farewell Dear Bilbo
7%
The Two Towers In the Forests of Ithilien
7%
The Return of the King The Chalice Passed
7%
The Two Towers The Heir of Númenor
7%
The Two Towers The Story Foretold
7%
No matching quizzes found
Score Distribution
Percent of People with Each Score
Percentile by Number Answered
Your Score History
You have not taken this quiz